000 01181nam a22002177a 4500
005 20240216150631.0
010 _aHIN-126904
020 _a9789354092442
_c90.00
035 _aHN-99250
037 _bDBAD/PUB
082 _a920
100 _aवर्मा,रामचंद्र
_962231
245 _aप्राचीन भारत के स्त्री -रतन/
_cरामचंद्र वर्मा,शंकरलाल वर्मा,रीतारानी पालीवाल
250 _a2
260 _aनई दिल्ली
_bप्रकाशन विभाग सूचना एवं प्रसारण मंत्रालय भारत सरकार
_c2021
270 _aसी जी ओ काम्प्लेक्स लोधी रोड
_bनई दिल्ली
_e110003
300 _a117 पृष्ठ;
_c22 सेमी (अजिल्द)
700 _aशंकरलाल वर्मा
_qदूसरा लेखक
_962232
700 _aरीतारानी पालीवाल
_eतीसरा लेखक
_962233
942 _cHN
_2ddc
_h920
_mवर्मारा
999 _c200868
_d200868